[Event "Nordic-ch Seniors"]
[Site "Sarpsborg"]
[Date "2019.06.25"]
[Round "7"]
[White "Kirppo, Ronny"]
[Black "Andersen, Harry"]
[Result "0-1"]
[WhiteElo "1910"]
[BlackElo "1905"]
[PlyCount "104"]
[EventDate "2019.06.21"]
[EventType "swiss"]
[EventRounds "9"]
[EventCountry "NOR"]
[SourceTitle "EXT 2020"]
[Source "ChessBase"]
[SourceDate "2019.10.17"]
[SourceVersion "1"]
[SourceVersionDate "2019.10.17"]
[SourceQuality "1"]

1. d4 Nf6 2. c4 g6 3. Nc3 d5 4. Nf3 Bg7 5. Bg5 c6 6. e3 0-0 7. Bd3 c5 8. Bxf6 Bxf6 9. Nxd5 Bg7 10. 0-0 e6 11. Nc3 cxd4 12. exd4 Bxd4 13. Nxd4 Qxd4 14. Be2 Nc6 15. Qc1 Qh4 16. Rd1 Ne5 17. b3 b6 18. Qe3 Ng4 19. Qg3 Qxg3 20. hxg3 Nf6 21. Bf3 Rb8 22. Rd2 Bb7 23. Rad1 Bxf3 24. gxf3 Rfc8 25. Ne4 Nxe4 26. fxe4 Rc7 27. Kg2 Kf8 28. Kf3 h5 29. Ke3 Ke7 30. e5 b5 31. cxb5 Rxb5 32. f4 Rc3+ 33. Rd3 Rbc5 34. Rxc3 Rxc3+ 35. Rd3 Rxd3+ 36. Kxd3 f6 37. b4 fxe5 38. fxe5 g5 39. a4 Kd7 40. b5 a6 41. bxa6 Kc7 42. a5 Kb8 43. Kd4 Ka7 44. Kc5 h4 45. gxh4 gxh4 46. Kd6 h3 47. Kxe6 h2 48. Kf7 h1Q 49. e6 Qf3+ 50. Kg7 Qe4 51. Kf6 Qf4+ 52. Kg6 Qf8 0-1

[Event "Politiken Cup 31st"]
[Site "Helsingor"]
[Date "2009.07.21"]
[Round "5"]
[White "Andersen, Harry"]
[Black "Pedersen, Peter Brondt"]
[Result "0-1"]
[WhiteElo "1901"]
[BlackElo "2119"]
[PlyCount "52"]
[EventDate "2009.07.18"]
[EventType "swiss"]
[EventRounds "10"]
[EventCountry "DEN"]
[SourceTitle "CBM 131 Extra"]
[Source "ChessBase"]
[SourceDate "2009.09.03"]
[SourceVersion "2"]
[SourceVersionDate "2009.09.16"]
[SourceQuality "1"]

1. e4 c5 2. Nf3 e6 3. d4 cxd4 4. Nxd4 a6 5. a4 Nf6 6. Bd3 d6 7. 0-0 Qc7 8. Nc3 Nbd7 9. Be3 b6 10. Qe2 Bb7 11. f3 g6 12. Na2 d5 13. exd5 Nxd5 14. Rfe1 Bg7 15. Rad1 0-0 16. c3 Nc5 17. Bc2 e5 18. Nb3 Nxa4 19. Bf2 Nxb2 20. Rb1 Nf4 21. Qf1 a5 22. Rxb2 Ba6 23. Bxb6 Qxb6+ 24. Qf2 Rfb8 25. Reb1 Ne2+ 26. Kh1 Qxf2 0-1

[Event "Baltic Sea Cup"]
[Site "Bornholm"]
[Date "2008.08.02"]
[Round "6"]
[White "Andersen, Harry"]
[Black "Jensen, Jan Kargaard"]
[Result "1-0"]
[WhiteElo "1904"]
[BlackElo "1813"]
[PlyCount "73"]
[EventDate "2008.07.29"]
[EventType "swiss"]
[EventRounds "10"]
[EventCountry "DEN"]
[SourceTitle "CBM 125 Extra"]
[Source "ChessBase"]
[SourceDate "2008.09.01"]
[SourceVersion "1"]
[SourceVersionDate "2008.09.01"]
[SourceQuality "1"]

1. e4 c5 2. Nf3 d6 3. d4 cxd4 4. Nxd4 Nf6 5. Nc3 a6 6. a4 b6 7. Bg5 Bb7 8. Bd3 e6 9. 0-0 Nbd7 10. f4 Be7 11. Qe1 Qc7 12. Nf3 h6 13. Bh4 e5 14. fxe5 dxe5 15. Bg3 Bb4 16. Rd1 Bc5+ 17. Bf2 Ng4 18. Bxc5 Qxc5+ 19. Kh1 Ne3 20. b4 Qxb4 21. Qxe3 Qxc3 22. Nh4 Qc5 23. Qh3 Nf6 24. Nf5 Bc8 25. Nxg7+ Kf8 26. Nf5 h5 27. Qf3 Be6 28. Bxa6 Rxa6 29. Rd8+ Ne8 30. Rxe8+ Kxe8 31. Ng7+ Kd8 32. Nxe6+ fxe6 33. Qd3+ Qd4 34. Qxa6 Qxe4 35. Qxb6+ Ke7 36. Qc7+ Ke8 37. Qc8+ 1-0

[Event "Politiken Cup 29th"]
[Site "Copenhagen"]
[Date "2007.07.27"]
[Round "8"]
[White "Hvenekilde, Jorgen"]
[Black "Andersen, Harry"]
[Result "1-0"]
[WhiteElo "2231"]
[BlackElo "1912"]
[PlyCount "93"]
[EventDate "2007.07.21"]
[EventType "swiss"]
[EventRounds "10"]
[EventCountry "DEN"]
[SourceTitle "CBM 119 Extra"]
[Source "ChessBase"]
[SourceDate "2007.09.04"]
[SourceVersion "1"]
[SourceVersionDate "2007.09.04"]
[SourceQuality "1"]

1. d4 Nf6 2. c4 g6 3. Nc3 d5 4. cxd5 Nxd5 5. e4 Nxc3 6. bxc3 Bg7 7. Be3 0-0 8. Qd2 c5 9. Nf3 Qa5 10. Be2 Rd8 11. Rd1 Nd7 12. 0-0 Nf6 13. Qc2 cxd4 14. cxd4 Bd7 15. Qb1 Rac8 16. h3 b5 17. Nd2 Qb6 18. Nb3 a5 19. d5 Qc7 20. Rc1 Qe5 21. Bf3 a4 22. Nc5 Be8 23. Nd3 Qb8 24. Bf4 Qb6 25. Be3 Qb8 26. Nb4 Qd6 27. g3 Bd7 28. Kg2 Ne8 29. Rfd1 Rxc1 30. Bxc1 Rc8 31. Nd3 Qc7 32. Bg5 f6 33. Rc1 Qb8 34. Bf4 Qb6 35. Be3 Rxc1 36. Qxc1 Qb8 37. Nc5 Bc8 38. Bg4 f5 39. exf5 gxf5 40. Bf3 Qe5 41. Nxa4 Bb7 42. Nb6 e6 43. Qc5 exd5 44. Bf4 Qe1 45. Nxd5 Kh8 46. Qxb5 Ba8 47. Be3 1-0

[Event "Politiken Cup 29th"]
[Site "Copenhagen"]
[Date "2007.07.21"]
[Round "1"]
[White "Andersen, Harry"]
[Black "Kleiman, Jake"]
[Result "0-1"]
[WhiteElo "1912"]
[BlackElo "2312"]
[PlyCount "62"]
[EventDate "2007.07.21"]
[EventType "swiss"]
[EventRounds "10"]
[EventCountry "DEN"]
[SourceTitle "CBM 119 Extra"]
[Source "ChessBase"]
[SourceDate "2007.09.04"]
[SourceVersion "1"]
[SourceVersionDate "2007.09.04"]
[SourceQuality "1"]

1. e4 c5 2. Nf3 e6 3. d4 cxd4 4. Nxd4 a6 5. g3 d5 6. Nf3 Nf6 7. exd5 Nxd5 8. Bg2 Qc7 9. 0-0 Be7 10. c3 0-0 11. Nbd2 b5 12. Qe2 Nd7 13. Nd4 N7b6 14. Ne4 Bb7 15. Bg5 Rfe8 16. Rac1 Bf8 17. Bd2 Nc4 18. Be1 e5 19. Nf5 g6 20. b3 gxf5 21. bxc4 bxc4 22. Nd2 Rac8 23. Qh5 Qd7 24. Rb1 Ba8 25. Qh4 Nxc3 26. Bxa8 Nxb1 27. Nxb1 Rxa8 28. Qxc4 Qd4 29. Qc6 Qd3 30. Qf6 Bg7 31. Qg5 Qxb1 0-1

[Event "Molde"]
[Site "Molde"]
[Date "2004.07.04"]
[Round "2"]
[White "Andersen, Harry"]
[Black "Farstad, Gudmund"]
[Result "0-1"]
[WhiteElo "1714"]
[BlackElo "1763"]
[PlyCount "68"]
[EventDate "2004.07.03"]
[EventType "swiss"]
[EventRounds "8"]
[EventCountry "NOR"]
[SourceTitle "EXT 2008"]
[Source "ChessBase"]
[SourceDate "2007.11.25"]
[SourceVersion "1"]
[SourceVersionDate "2007.11.25"]
[SourceQuality "1"]

1. e4 c5 2. Nf3 d6 3. Bc4 Nc6 4. 0-0 Nf6 5. d3 e6 6. Nc3 Be7 7. a3 0-0 8. Ne1 a6 9. f4 b5 10. Ba2 Qc7 11. Ne2 Bb7 12. h3 Rfd8 13. g4 Bf8 14. Ng3 Ne8 15. g5 Ne7 16. f5 d5 17. Qg4 Bc8 18. f6 Ng6 19. h4 Bd6 20. Nh5 dxe4 21. dxe4 Ne5 22. Qe2 g6 23. Nf4 c4 24. h5 Bc5+ 25. Kg2 Qc6 26. hxg6 hxg6 27. Nf3 Nxf3 28. Kxf3 Nd6 29. c3 Nxe4 30. Kg4 e5+ 31. Kh4 exf4 32. Bxf4 Qe6 33. Qg2 Rd3 34. Rh1 Bf2+ 0-1

[Event "Sandefjord MGP"]
[Site "Sandefjord"]
[Date "2003.10.17"]
[Round "1"]
[White "Fossum, Oystein Boyum"]
[Black "Andersen, Harry"]
[Result "1-0"]
[WhiteElo "2104"]
[BlackElo "1666"]
[PlyCount "37"]
[EventDate "2003.10.??"]
[EventType "swiss"]
[EventRounds "4"]
[EventCountry "NOR"]
[SourceTitle "EXT 2005"]
[Source "ChessBase"]
[SourceDate "2004.11.15"]
[SourceVersion "1"]
[SourceVersionDate "2004.11.15"]
[SourceQuality "1"]

1. e4 e5 2. Nf3 Nc6 3. Bc4 Nf6 4. d3 Be7 5. 0-0 d5 6. exd5 Nxd5 7. Re1 Qd6 8. b3 Bg4 9. Ba3 Qd7 10. h3 Bxa3 11. Nxa3 Bxf3 12. Qxf3 0-0-0 13. Bb5 f6 14. Nc4 Qe6 15. Bxc6 Qxc6 16. a4 g5 17. Ne3 h5 18. Qf5+ Qd7 19. Nxd5 1-0

[Event "Fredrikstad CC-ch"]
[Site "Fredrikstad"]
[Date "2003.02.12"]
[Round "4"]
[White "Lomo, Markus"]
[Black "Andersen, Harry"]
[Result "1-0"]
[WhiteElo "1854"]
[BlackElo "1675"]
[PlyCount "99"]
[EventDate "2003.01.??"]
[EventType "swiss"]
[EventRounds "11"]
[EventCountry "NOR"]
[SourceTitle "EXT 2005"]
[Source "ChessBase"]
[SourceDate "2004.11.15"]
[SourceVersion "1"]
[SourceVersionDate "2004.11.15"]
[SourceQuality "1"]

1. d4 Nf6 2. Nf3 g6 3. Bf4 Bg7 4. e3 c5 5. c3 Qb6 6. Qc2 d5 7. Bd3 c4 8. Be2 Bf5 9. Qc1 Nbd7 10. h3 Qa5 11. Nbd2 b5 12. b4 Qd8 13. a4 bxa4 14. Rxa4 0-0 15. Qa3 Qb6 16. 0-0 Qb7 17. Ra1 Nb6 18. Rxa7 Rxa7 19. Qxa7 Qxa7 20. Rxa7 Ra8 21. Rxa8+ Nxa8 22. g4 Bc2 23. Ne1 Ba4 24. g5 Nd7 25. e4 e6 26. exd5 exd5 27. Bf3 Ndb6 28. Nf1 Bc6 29. Ne3 Kf8 30. Bd6+ Ke8 31. N1g2 Na4 32. Bxd5 Bxd5 33. Nxd5 Kd7 34. Bf4 Ke6 35. Nge3 N8b6 36. Nxb6 Nxb6 37. Ng4 Kf5 38. Bd2 Ke4 39. Kf1 Kd3 40. Ke1 Nd5 41. Ne5+ Bxe5 42. dxe5 Ke4 43. f4 Kf3 44. h4 Nc7 45. Kf1 Nb5 46. f5 gxf5 47. e6 fxe6 48. h5 Ke4 49. g6 hxg6 50. hxg6 1-0